00529nam a2200157 a 450000100100000000500170001000800410002704000250006808200160009324500400010926000510014930000310020004900090023195201140024099900170035400002242320200930011726.0101011s2009 dr c 000 0 spa d aDO-SdBNPbspacBNPHU axxxxbC762m00aContinuando mi recorrido solidario. aSanto Domingo :bDespacho Primera Dama,c2009. a123 p. :bretrs. ;c23 cm. aBNPD 0010718PDaPDbPDcCTd2010-10-11iLF1l0oxxxx C762mp22423-10r2020-06-25w2020-06-25yLFPDZNo se presta c21921d21921